00562nam a2200193 a 4500001001300000003000900013005001700022008004100039020001000080082001900090100001600109245008600125260004700211300000800258500003500266505001100301650004000312700001600352nice12345678IN_TiNIC20260116011906.0050630s1965 sera grm 000 0 eng  ac10000a297.24bANO..1 aAnonymous,  aQuranic Conception of Christ and Its Evaluation in the Light of the New Testament aSeramporbSenate of Serampor Collegec1965 a34p aincludes index and biblioraphy2 aThesis aJesus Christ-Islamic Interpretation1 aAnonymous,